Normal view
MARC view
Entry Topical Term
001 - CONTROL NUMBER
- control field: 6616
003 - CONTROL NUMBER IDENTIFIER
- control field: BD-RjUL
005 - DATE AND TIME OF LATEST TRANSACTION
- control field: 20230117170436.0
008 - FIXED-LENGTH DATA ELEMENTS
- fixed length control field: 230117|| aca||aabn | a|a d
040 ## - CATALOGING SOURCE
- Original cataloging agency: BD-RjUL
- Transcribing agency: BD-RjUL
150 ## - HEADING--TOPICAL TERM
- Topical term or geographic name entry element: Accounting
- Form subdivision: Financial reports
670 ## - SOURCE DATA FOUND
- Source citation: Work cat.: (BD-RjUL)81092: Alam, Mohammad. Jahangir 6615, Compliance with accounting standards in Financial reporting of commercial Banks In Bangladesh /, 2013